Quizzes
Events
Quiz Creation
Community
Videos
Private Events
Remove Ads
Sign In
Join for FREE
Feedback
Dark Mode
Quiz Categories
Sports
Geography
Music
Movies
Television
Just For Fun
Miscellaneous
History
Literature
Language
Science
Gaming
Entertainment
Religion
Holiday
For Kids
Quiz Lab
Recent
Popular Today
Quiz Kudos Today
Editor Picks
Curator Picks
Quizzes by...
Day
Popularity
Type
Ratings
Length
Year
Community
Subscriptions
Recent Discussions
Orange Saloon
Badges
Playlists
Quests
Create
Leaderboards
Showdown
Live 5
Trivia Bingo
Activity
Puzzle Library
Sporcle Events
Private Events
Virtual Trivia
Globe League
Become a Host
Pub Owners
SporcleCon
Opinionation
Our Games
Videos
Blog
Mobile Apps
Partnerships
Remove Ads and Go Orange
Feedback
Sports
Athletes
MLB
NBA
NHL
NFL
Soccer
Sports Teams
WWE
NCAA
Football
Premier League
Basketball
Baseball
Hockey
Golf
Tennis
Cricket
Rugby
Auto Racing
Olympics
World Cup
Sports
Athletes
MLB
NBA
NHL
NFL
Soccer
Sports Teams
WWE
NCAA
Football
Premier League
Basketball
Baseball
Hockey
Golf
Tennis
Cricket
Rugby
Auto Racing
Olympics
World Cup
Random Quiz
Search Sporcle
×
Quiz Lab
Quiz Lab
Sports
final
Type in answers that appear in a list
Type in answers that appear in a list
Classic
Best Score? Go Orange.
Royal Rumble Final Six Participants Stats
Can you name the Royal Rumble Final Six Participants?
By
tombstonesplash
10m
234 Questions
637 Plays
637 Plays
637 Plays
Comments
Comments
Give Quiz Kudos
Give Quiz Kudos
-
- Ratings
hide this ad
More Info
Replay
Link that replays current quiz
Next Quiz
Link to next quiz in quiz playlist
You Got
0%
They Got
Avg Score
51%
Avg Friend Score
Upgrade to see
Score Distribution
Jump to the score distribution portion of the page
Score
0/234
Timer
10:00
0
Plays Today
Royal Rumble
Wrestler
% Correct
Royal Rumble 2021 (M)
Randy Orton
97.6%
Royal Rumble 2021 (F)
Charlotte Flair
95.2%
Royal Rumble 2021 (M)
Edge
95.2%
Royal Rumble 2013
John Cena
93.5%
Royal Rumble 2016
Triple H
93%
Royal Rumble 2021 (M)
Braun Strowman
92.9%
Royal Rumble 2015
Big Show
92.6%
Royal Rumble 2013
Randy Orton
92.3%
Royal Rumble 2015
Kane
92%
Royal Rumble 1999
Triple H
92%
Royal Rumble 2002
Triple H
92%
Royal Rumble 2006
Triple H
92%
Royal Rumble 2008
Triple H
92%
Royal Rumble 2009
Triple H
92%
Royal Rumble 1994
Shawn Michaels
91.7%
Royal Rumble 1995
Shawn Michaels
91.7%
Royal Rumble 1996
Shawn Michaels
91.7%
Royal Rumble 2006
Shawn Michaels
91.7%
Royal Rumble 2007
Shawn Michaels
91.7%
Royal Rumble 2010
Shawn Michaels
91.7%
Royal Rumble 2004
John Cena
91.5%
Royal Rumble 2005
John Cena
91.5%
Royal Rumble 2008
John Cena
91.5%
Royal Rumble 2010
John Cena
91.5%
Royal Rumble 2011
John Cena
91.5%
Royal Rumble 2015
Roman Reigns
91.5%
Royal Rumble 1997
The Undertaker
91.4%
Royal Rumble 1997
Fake Diesel
91.4%
Royal Rumble 2001
The Undertaker
91.4%
Royal Rumble 2003
The Undertaker
91.4%
Royal Rumble 2007
The Undertaker
91.4%
Royal Rumble 2009
The Undertaker
91.4%
Royal Rumble 2012
Randy Orton
91.2%
Royal Rumble 2017
Randy Orton
91%
Royal Rumble 2018 (M)
Randy Orton
91%
Royal Rumble 2018 (W)
Natalya
91%
Royal Rumble 2019 (W)
Charlotte Flair
91%
Royal Rumble 2019 (M)
Randy Orton
91%
Royal Rumble 2020 (W)
Natalya
91%
Royal Rumble 2020 (W)
Charlotte Flair
91%
Royal Rumble 2020 (M)
Randy Orton
91%
Royal Rumble 2016
Roman Reigns
90.6%
Royal Rumble 2021 (F)
Bianca Belair
90.5%
Royal Rumble 2021 (M)
Christian
90.5%
Royal Rumble 2021 (M)
Seth Rollins
90.5%
Royal Rumble 1996
Isaac Yankem
90.3%
Royal Rumble 2000
Kane
90.3%
Royal Rumble 2001
Kane
90.3%
Royal Rumble 2003
Kane
90.3%
Royal Rumble 2008
Kane
90.3%
Royal Rumble 2014
Batista
90.2%
Royal Rumble 2017
The Undertaker
89.9%
Royal Rumble 2018 (M)
Rey Mysterio
89.9%
Royal Rumble 2018 (M)
John Cena
89.9%
Royal Rumble 2019 (M)
Rey Mysterio
89.9%
Royal Rumble 2006
Randy Orton
89.6%
Royal Rumble 2007
Randy Orton
89.6%
Royal Rumble 2009
Randy Orton
89.6%
Royal Rumble 2011
Randy Orton
89.6%
Royal Rumble 1998
The Rock
89.5%
Royal Rumble 2003
Batista
88.9%
Royal Rumble 2005
Batista
88.9%
Royal Rumble 2008
Batista
88.9%
Royal Rumble 2010
Batista
88.9%
Royal Rumble 2015
Dean Ambrose
88.8%
Royal Rumble 2017
Roman Reigns
88.8%
Royal Rumble 2018 (M)
Roman Reigns
88.8%
Royal Rumble 2020 (M)
Edge
88.8%
Royal Rumble 2020 (M)
Roman Reigns
88.8%
Royal Rumble 2000
Big Show
88.7%
Royal Rumble 2004
Big Show
88.7%
Royal Rumble 2009
Big Show
88.7%
Royal Rumble 1990
Hulk Hogan
88.5%
Royal Rumble 1991
Hulk Hogan
88.5%
Royal Rumble 1992
Hulk Hogan
88.5%
Royal Rumble 2014
Roman Reigns
88.5%
Royal Rumble 2012
Big Show
88.5%
Royal Rumble 2016
Chris Jericho
88.3%
Royal Rumble
Wrestler
% Correct
Royal Rumble 1997
Stone Cold Steve Austin
87.8%
Royal Rumble 1998
Stone Cold Steve Austin
87.8%
Royal Rumble 1999
Stone Cold Steve Austin
87.8%
Royal Rumble 2001
Stone Cold Steve Austin
87.8%
Royal Rumble 2002
Stone Cold Steve Austin
87.8%
Royal Rumble 2016
Dean Ambrose
87.7%
Royal Rumble 2005
Edge
87.3%
Royal Rumble 2007
Edge
87.3%
Royal Rumble 2010
Edge
87.3%
Royal Rumble 2014
Sheamus
86.8%
Royal Rumble 2016
Sheamus
86.5%
Royal Rumble 2017
Chris Jericho
86.5%
Greatest Royal Rumble 2018
Chris Jericho
86.5%
Royal Rumble 2020 (M)
Drew McIntyre
86.5%
Royal Rumble 2013
Chris Jericho
86.3%
Royal Rumble 2004
Chris Benoit
86.2%
Royal Rumble 2005
Chris Benoit
86.2%
Royal Rumble 2000
The Rock
86%
Royal Rumble 2001
The Rock
86%
Royal Rumble 1992
Ric Flair
85.9%
Royal Rumble 1994
Bret Hart
85.9%
Royal Rumble 1997
Bret Hart
85.9%
Royal Rumble 2005
Ric Flair
85.9%
Royal Rumble 2021 (F)
Rhea Ripley
85.7%
Royal Rumble 2013
Sheamus
85.4%
Royal Rumble 2012
Chris Jericho
85.4%
Royal Rumble 2019 (M)
Seth Rollins
85.4%
Royal Rumble 2020 (M)
Seth Rollins
85.4%
Royal Rumble 2014
Dean Ambrose
85.1%
Royal Rumble 2005
Rey Mysterio
84.9%
Royal Rumble 2006
Rey Mysterio
84.9%
Royal Rumble 2011
Rey Mysterio
84.9%
Royal Rumble 2012
Sheamus
84.7%
Greatest Royal Rumble 2018
Braun Strowman
84.3%
Royal Rumble 2019 (M)
Braun Strowman
84.3%
Royal Rumble 2004
Chris Jericho
84.1%
Royal Rumble 2010
Chris Jericho
84.1%
Royal Rumble 2021 (F)
Nia Jax
83.3%
Royal Rumble 1988
Jim Duggan
83.2%
Royal Rumble 2019 (M)
Dolph Ziggler
83.1%
Royal Rumble 2015
Rusev
83%
Royal Rumble 1993
Owen Hart
82.7%
Royal Rumble 1999
Owen Hart
82.7%
Greatest Royal Rumble 2018
Daniel Bryan
82%
Royal Rumble 2018 (M)
Shinsuke Nakamura
80.9%
Royal Rumble 2019 (W)
Becky Lynch
80.9%
Royal Rumble 2011
Alberto Del Rio
80.5%
Royal Rumble 2002
Kurt Angle
80.2%
Royal Rumble 2004
Kurt Angle
80.2%
Royal Rumble 2017
Bray Wyatt
79.8%
Royal Rumble 2018 (W)
Nikki Bella
79.8%
Royal Rumble 2018 (W)
Asuka
79.8%
Royal Rumble 2003
Brock Lesnar
79%
Royal Rumble 2018 (M)
Finn Balor
78.7%
Royal Rumble 2018 (W)
Brie Bella
78.7%
Royal Rumble 2014
Seth Rollins
77.9%
Royal Rumble 2009
Cody Rhodes
77.6%
Royal Rumble 2018 (W)
Sasha Banks
77.5%
Royal Rumble 1999
Vince McMahon
77.2%
Royal Rumble 2016
Bray Wyatt
77.2%
Royal Rumble 2009
Ted DiBiase Jr.
77.1%
Royal Rumble 2013
Ryback
76.8%
Royal Rumble 2015
Bray Wyatt
76.6%
Royal Rumble 1992
Randy Savage
76.5%
Royal Rumble 1993
Randy Savage
76.5%
Royal Rumble 2013
Dolph Ziggler
75.9%
Royal Rumble 1993
Yokozuna
75.8%
Royal Rumble 1996
Kevin Nash
75.5%
Royal Rumble 1991
Davey Boy Smith
75.4%
Royal Rumble 2002
Rob Van Dam
74.7%
Royal Rumble 2003
Rob Van Dam
74.7%
Royal Rumble 2004
Rob Van Dam
74.7%
Royal Rumble 2006
Rob Van Dam
74.7%
Royal Rumble 1990
Mr. Perfect
73.9%
Royal Rumble 2002
Mr. Perfect
73.9%
Royal Rumble 1989
Ted DiBiase Sr.
73.6%
Royal Rumble 2011
Santino Marella
73.2%
Royal Rumble 1989
Big John Studd
73%
Royal Rumble
Wrestler
% Correct
Royal Rumble 1994
Lex Luger
72.8%
Royal Rumble 1995
Lex Luger
72.8%
Royal Rumble 1995
The British Bulldog
72.7%
Royal Rumble 1996
The British Bulldog
72.7%
Royal Rumble 1997
Mankind
72.1%
Royal Rumble 1998
Dude Love
72.1%
Royal Rumble 2014
CM Punk
70.6%
Royal Rumble 2012
Dolph Ziggler
70.6%
Royal Rumble 1988
One Man Gang
70.2%
Royal Rumble 2019 (W)
Bayley
68.5%
Greatest Royal Rumble 2018
Big Cass
67.4%
Royal Rumble 2019 (W)
Nia Jax
67.4%
Royal Rumble 2012
The Miz
67.3%
Royal Rumble 1989
Akeem
67%
Royal Rumble 2021 (M)
Matt Riddle
66.7%
Royal Rumble 1999
The Big Boss Man
66.4%
Royal Rumble 2000
X-Pac
66.1%
Royal Rumble 2020 (W)
Shayna Baszler
65.2%
Royal Rumble 1994
Fatu
64.4%
Royal Rumble 2000
Billy Gunn
64.1%
Royal Rumble 2001
Billy Gunn
64.1%
Royal Rumble 2018 (W)
Trish Stratus
64%
Greatest Royal Rumble 2018
Kevin Owens
64%
Royal Rumble 2001
Rikishi
62.3%
Royal Rumble 2011
Wade Barrett
62.2%
Royal Rumble 1991
Earthquake
60.6%
Royal Rumble 1992
Sid Justice
60.4%
Royal Rumble 1999
D'Lo Brown
59.8%
Royal Rumble 2020 (W)
Beth Phoenix
59.6%
Royal Rumble 2002
Booker T
59.5%
Royal Rumble 1990
Ultimate Warrior
59.3%
Royal Rumble 1998
Mark Henry
59%
Royal Rumble 2019 (M)
Andrade
58.4%
Royal Rumble 1998
Faarooq
58.1%
Royal Rumble 2017
Sami Zayn
57.3%
Royal Rumble 2021 (F)
Natalya
57.1%
Royal Rumble 1989
Rick Martel
56.2%
Royal Rumble 1991
Rick Martel
56.2%
Royal Rumble 1992
Rick Martel
56.2%
Royal Rumble 1993
Rick Martel
56.2%
Royal Rumble 1988
Junkyard Dog
56%
Royal Rumble 1997
Vader
53.8%
Royal Rumble 2000
Road Dogg
53.2%
Royal Rumble 1990
Rick Rude
52.4%
Royal Rumble 2007
The Great Khali
52.4%
Royal Rumble 2020 (M)
Samoa Joe
51.7%
Royal Rumble 2008
Umaga
51.6%
Royal Rumble 1988
Dino Bravo
50.4%
Royal Rumble 1992
Roddy Piper
50.4%
Royal Rumble 1995
Crush
49.5%
Royal Rumble 2019 (W)
Alexa Bliss
49.4%
Royal Rumble 1993
Bob Backlund
49.1%
Royal Rumble 2006
Carlito
48.8%
Royal Rumble 2007
MVP
48.7%
Royal Rumble 1988
Don Muraco
48.5%
Royal Rumble 1993
Repo Man
47.7%
Royal Rumble 2010
Kofi Kingston
46.5%
Greatest Royal Rumble 2018
Bobby Lashley
44.9%
Royal Rumble 2020 (W)
Naomi
44.9%
Royal Rumble 2019 (W)
Carmella
43.8%
Royal Rumble 1989
Hercules
43.6%
Royal Rumble 1990
Hercules
43.6%
Royal Rumble 1996
Kama
41.8%
Royal Rumble 1991
Brian Knobbs
40.7%
Royal Rumble 1989
The Barbarian
40.2%
Royal Rumble 1990
The Barbarian
40.2%
Royal Rumble 1991
Haku
40.2%
Royal Rumble 2008
Mr. Kennedy
38.9%
Royal Rumble 2021 (F)
Lana
33.3%
Royal Rumble 1994
Marty Jannetty
31.9%
Royal Rumble 1988
Ron Bass
31.8%
Royal Rumble 1995
Henry Godwinn
28.3%
Royal Rumble 1996
Duke Droese
25.1%
Royal Rumble 1994
Genichiro Tenryu
23.2%
Royal Rumble 1998
Chainz
21.8%
Royal Rumble 1995
Dick Murdoch
21.7%
Royal Rumble 2003
A-Train
19.3%
Royal Rumble 2020 (W)
Toni Storm
19.1%
Quiz Playlist
Details
Report
Send in Message
Add To Playlist
More Info:
Royal Rumble 1988-2021 final six wrestlers. Both men's (M) and women's (W) matches are included.
Classic:
Type in answers that appear in a list
Quiz Source
Last Updated: May 9, 2021
Quiz Scoreboard
CHALLENGE
Sign Up to Join the Scoreboard
Show All
Scores
Hide
Comments
May contain spoilers
Recently Published
Click the 1999 NBA Draft
by nibperrychub
Sports
2m
Alphabetical 'K' Countries by Flag Minefield
by ylime102
Geography
3m
Pick 6: Fruits
by JohnFran
Miscellaneous
15s
More to Explore
Quiz From the Vault
Featured Blog Post
15 Basketball Trivia Facts You Can Be March Mad About
hide this ad
You Might Also Like...
Tags
final
participant
Royal
Royal Rumble
rumble
Six
Wrestlers
Today's Top Quizzes in Sports
Browse Sports
hide this ad
Today's Top Quizzes in final
Browse final
Top Contributed Quizzes in Sports
1
Les joueurs à 100 buts en Ligue 1 Uber Eats
2
Pick 6: NFL Teams
3
MLB 2 truths and a lie: Hall of Fame pitchers
4
2022 World Cup Stars
5
Criteria MLB: Left Handed Sluggers
6
Millionaire: NBA Finals Edition
7
Pick 6: Minor League Baseball
8
Click the 1998 NBA Draft
9
Don't Strike Out: 3000 Strikeouts
10
Pick 6: Olympics
Explore More
Trending Topics
Anime
Crossword
Kpop
Disney
NBA
Harry Potter
Marvel
Song
Puzzle
NFL
WWE
Country
Soccer
The Office
Pokémon
hide this ad
More By:
tombstonesplash
Quiz
Plays
Rating
Category
Featured
Created
WWE PPV Main Eventers (up to 2024)
5,118
5.00
Sports
Dec 6, 2013
WWE Undisputed Champions
919
4.33
Sports
Mar 8, 2011
WWE PPV Main Events to not feature any World Champion
755
4.86
Sports
Jun 23, 2013
Royal Rumble Final Six Participants
637
3.80
Sports
Mar 8, 2011
Main Eventing Two of the WWE's Big Five
496
4.00
Sports
Apr 11, 2016
Go to Creator's Profile
Score Distribution
Quiz Creator Spotlight
tombstonesplash
Follow
Send a Message
Quizzes Created
-
Created Quiz Play Count
-
More By This Creator
Popular Quizzes Today
1
Countries of Asia Without Outlines Minefield
2
Find the US States - No Outlines Minefield
3
Pick 6: Fruits
4
Alphabetical 'K' Countries by Flag Minefield
5
The Countries of the World
6
Find the US States
7
US States
8
Match the Book to the Film X
More Sports Quizzes
Manchester United 2018-19 Premier League XIs (Part 2)
Quiz Lab
Trending Quizzes
Pick 6: Harry Potter
Pick 6: Mountains
Pick 6: NFL Teams
Pick 6: Flags
Pick 6: Movie Franchises
Recently Updated
NWSL Teams
pecheneg
Women's Final Four Teams by Year
bhenderson79
Presidents Quartet II
eogle
Anything But Clue(do)
eogle
Anything But Oceanian Capitals
eogle
Anything But 7
eogle
Anything But Thing
eogle
Word Ladder: February 29
pecheneg
Song Title Questions
pecheneg
Women's NCAA Tournament #1 Seeds
pecheneg
Trending Topics
Kpop
Crossword
NBA
Harry Potter
Anime
Disney
Marvel
NFL
Country
The Office
Song
Pokémon
Soccer
WWE
Puzzle
Your Account Isn't Verified!
In order to create a playlist on Sporcle, you need to verify the email address you used during registration. Go to your
Sporcle Settings
to finish the process.
Report this User
Report this user for behavior that violates our
Community Guidelines
.
Details:
Send Report
Go to the Sporcle.com Mobile Site →
Comments